Normal view
MARC view
Entry Nombre personal
001 - NÚMERO DE CONTROL
- campo de control: 86844
003 - IDENTIFICADOR DEL NÚMERO DE CONTROL
- campo de control: DO-SdBNP
005 - FECHA Y HORA DE LA ÚLTIMA TRANSACCIÓN
- campo de control: 20241127085403.0
008 - DATOS DE LONGITUD FIJA
- campo de control de longitud fija: 241127|| aca||aabn | a|a d
040 ## - FUENTE DE LA CATALOGACIÓN
- Centro catalogador/agencia de origen: DO-SdBNP
- Centro/agencia transcriptor: DO-SdBNP
100 ## - ENCABEZAMIENTO-NOMBRE DE PERSONA
- Nombre de persona: Nebrija, Antonio de
- Fechas asociadas al nombre: 1444-1522
- Subdivisión de forma: Bibliografías
670 ## - FUENTE DE DATOS ENCONTRADOS
- Cita de la fuente: Work cat.: (DO-SdBNP)57951: Antonio de Nebrija V Centenario (1522-2022)
